000
00332pab a2200145 454500
008
180718b1986 xxu||||| |||| 00| 0 eng d
100
_a
Dery, David
245
_a
Knowledge and organisations
260
_c
1986
300
_a
14-25
362
_a
Aug.
650
_a
Organisation
773
_a
Policy Studies Review
909
_a
14479
999
_c
14479
_d
14479